000 00529nam a2200193Ia 4500
008 090124s9999 xx 000 0 und d
082 _b30199
_a3452
100 _aगावसकर सुनील
245 _a सनी डेज
250 _a3
260 _c1984
300 _a280
600 _aगावसकर सुनील
630 _a सनी डेज
700 _aगावसकर सुनील
700 _aपंडित बाळ ज.
730 _a सनी डेज
942 _cBOOK
999 _c143681
_d143681